000
00302 a2200109 4500
001
ART_42149
005
20260410161629.0
008
260409a
245
1
0
_a
Informes de los órganos de control externo
100
1
_a
Permuy, Juan
773
0
_t
Enfoques
_g
- Nº 5 (mayo 2017)
_w
REV416
999
_c
12264
_d
12264